000 00759nam a2200253Ia 4500
003 GCL
008 140319s9999 xx 000 0 ara d
040 _aGCL /
_cGCL
082 0 4 _aط
_b813.087
_bا ا
100 1 _aمصطفى حسين
245 1 0 _aالملك والحكيم /
_cمصطفى حسين
700 1 _aابراهيم المعلم
700 1 _aاحمد سويلم
260 _a[S.N] :
_bدار الشروق
490 _aالف ليلة وليلة
_v0
650 0 4 _aالقصص العربية
650 0 4 _aالاطفال
650 0 4 _aالادب الشعبى
650 0 4 _aقصص الاطفال
650 0 4 _aادب الاطفال
650 0 4 _aالف ليلة وليلة
650 0 4 _aالقصص الشعبية
942 _2ddc
_cBK
999 _c32841
_d32841